[Event "Mittelrhein Verbandsliga-N 17/18"]
[Site "Nordrheinwestfalen"]
[Date "2018.01.14"]
[Round "6.8"]
[White "Scheeren, Carlos"]
[Black "Weber, Brigitte"]
[Result "1-0"]
[WhiteElo "1761"]
[BlackElo "1440"]
[PlyCount "60"]
[EventDate "2017.09.10"]
[EventType "team-swiss"]
[EventRounds "11"]
[EventCountry "GER"]
[SourceTitle "EXT 2022"]
[Source "ChessBase"]
[SourceDate "2021.10.06"]
[SourceVersion "1"]
[SourceVersionDate "2021.10.06"]
[SourceQuality "1"]
[WhiteTeam "Kalker/Deutzer SG"]
[BlackTeam "Eikamp Freibauer"]
[WhiteTeamCountry "GER"]
[BlackTeamCountry "GER"]

1. e4 e5 2. Nf3 d6 3. d4 exd4 4. Qxd4 Nc6 5. Bb5 Bd7 6. Bxc6 Bxc6 7. Bg5 f6 8. Be3 Qe7 9. Nc3 Qd7 10. 0-0-0 Ne7 11. Ne1 b6 12. Nd3 a5 13. Rhe1 Ng6 14. f4 Nh4 15. Rg1 Be7 16. Bf2 Qg4 17. h3 Qh5 18. Qc4 Kd7 19. e5 Bb7 20. Qb5+ Kc8 21. Nd5 Bd8 22. g4 Qh6 23. exd6 c6 24. Nxb6+ Kb8 25. Qb3 Ra6 26. Kb1 g5 27. Nc5 Rxb6 28. Nd7+ Ka7 29. Bxb6+ Bxb6 30. Qxb6+ Ka8 1-0

[Event "Mittelrhein Verbandsliga-O 16/17"]
[Site "Nordrheinwestfalen"]
[Date "2017.04.09"]
[Round "10.8"]
[White "Geuer, Martin"]
[Black "Scheeren, Carlos"]
[Result "1/2-1/2"]
[WhiteElo "1760"]
[BlackElo "1743"]
[PlyCount "36"]
[EventDate "2016.09.11"]
[EventType "team-tourn"]
[EventRounds "11"]
[EventCountry "GER"]
[SourceTitle "EXT 2022"]
[Source "ChessBase"]
[SourceDate "2021.10.06"]
[SourceVersion "1"]
[SourceVersionDate "2021.10.06"]
[SourceQuality "1"]
[WhiteTeam "Siebengebirge"]
[BlackTeam "Kalker/Deutzer SG"]
[WhiteTeamCountry "GER"]
[BlackTeamCountry "GER"]

1. d4 Nf6 2. Nf3 g6 3. Bf4 Bg7 4. e3 d6 5. Be2 Nbd7 6. h3 b6 7. Nbd2 Bb7 8. 0-0 0-0 9. c3 e6 10. Bh2 Qe7 11. a4 e5 12. a5 Rfe8 13. Qa4 Rac8 14. Rfc1 h6 15. b4 exd4 16. cxd4 Nd5 17. Bb5 Red8 18. axb6 N5xb6 1/2-1/2

[Event "Mittelrhein Verbandsliga-M 15/16"]
[Site "Nordrheinwestfalen"]
[Date "2016.01.31"]
[Round "7.5"]
[White "Foth, Stefan"]
[Black "Scheeren, Carlos"]
[Result "1/2-1/2"]
[WhiteElo "1751"]
[BlackElo "1721"]
[PlyCount "124"]
[EventDate "2015.09.06"]
[EventType "team-tourn"]
[EventRounds "11"]
[EventCountry "GER"]
[SourceTitle "EXT 2022"]
[Source "ChessBase"]
[SourceDate "2021.10.06"]
[SourceVersion "1"]
[SourceVersionDate "2021.10.06"]
[SourceQuality "1"]
[WhiteTeam "Dormagen SV"]
[BlackTeam "Kalker/Deutzer SG"]
[WhiteTeamCountry "GER"]
[BlackTeamCountry "GER"]

1. d4 Nf6 2. Nf3 g6 3. c4 Bg7 4. Nc3 d6 5. e4 0-0 6. Be2 e5 7. dxe5 dxe5 8. Qxd8 Rxd8 9. Bg5 c6 10. 0-0 Bg4 11. a3 Na6 12. b4 Bxf3 13. Bxf3 Rd4 14. c5 Nc7 15. Be3 Rd3 16. Na4 Nb5 17. Nb2 Rxa3 18. Nc4 Rxa1 19. Rxa1 Nc3 20. Nd6 a6 21. Bd2 Nb5 22. Nxb7 Ne8 23. Kf1 Nec7 24. Bg4 Rb8 25. Na5 Na7 26. Nc4 Rd8 27. Nd6 f6 28. Ke1 Bf8 29. Nb7 Rd4 30. f3 Kf7 31. Rd1 Ke7 32. Be3 Rxd1+ 33. Kxd1 Ne6 34. g3 Nb5 35. Kc2 Ned4+ 36. Kd3 h5 37. Bc8 Nxf3 38. h4 Nfd4 39. Na5 Kd8 40. Bxa6 Kc7 41. Bxd4 Nxd4 42. Bc4 g5 43. Bf7 gxh4 44. gxh4 Nf3 45. Bxh5 Nxh4 46. Be8 Ng2 47. Bxc6 Nf4+ 48. Kc4 Ne6 49. Bd5 Bxc5 50. bxc5 Ng7 51. Bf7 f5 52. exf5 Nxf5 53. Kd5 e4 54. Bh5 Ng3 55. Bg4 e3 56. Nb3 e2 57. Bxe2 Nxe2 58. Nd4 Nc3+ 59. Kc4 Ne4 60. c6 Nd6+ 61. Kd5 Nb7 62. Nb5+ Kc8 1/2-1/2

[Event "Mittelrhein Verbandsliga-M 1112"]
[Site "Germany"]
[Date "2012.05.06"]
[Round "10.8"]
[White "Wolff, Michael"]
[Black "Scheeren, Carlos"]
[Result "1-0"]
[WhiteElo "1832"]
[BlackElo "1622"]
[PlyCount "79"]
[EventDate "2011.09.18"]
[EventType "team-tourn"]
[EventRounds "11"]
[EventCountry "GER"]
[SourceTitle "EXT 2013"]
[Source "ChessBase"]
[SourceDate "2012.11.22"]
[SourceVersion "1"]
[SourceVersionDate "2012.11.22"]
[SourceQuality "1"]
[WhiteTeam "Koeln Ford SF II"]
[BlackTeam "Kalker/Deutzer SG"]
[WhiteTeamCountry "GER"]
[BlackTeamCountry "GER"]

1. e4 e5 2. f4 Bc5 3. Nf3 d6 4. Nc3 a6 5. fxe5 dxe5 6. Nxe5 Qd4 7. Nd3 Ba7 8. Be2 Nc6 9. Rf1 Nf6 10. Nf2 Ne5 11. d3 h6 12. Bf4 Be6 13. Qd2 0-0-0 14. 0-0-0 g5 15. Bg3 Rd6 16. h3 Bc5 17. Bxe5 Qxe5 18. Ng4 Nxg4 19. Bxg4 Bd4 20. Rxf7 Bxg4 21. hxg4 Rb6 22. Rf5 Qd6 23. Na4 Rxb2 24. Nxb2 Qb6 25. Nc4 Qe6 26. c3 Bg7 27. Rdf1 b6 28. Rf7 Rg8 29. Qf2 Kb8 30. Rxg7 Rxg7 31. Qf8+ Kb7 32. Qxg7 Qxg4 33. Rf7 Qg3 34. Rxc7+ Qxc7 35. Qxc7+ Kxc7 36. g4 Kc6 37. a4 Kc5 38. Kd2 b5 39. axb5 axb5 40. Ne3 1-0

[Event "Mittelrhein Verbandsliga-M 1112"]
[Site "Germany"]
[Date "2012.03.18"]
[Round "8.8"]
[White "Goldenstein, Arnd"]
[Black "Scheeren, Carlos"]
[Result "1-0"]
[WhiteElo "1983"]
[BlackElo "1622"]
[PlyCount "85"]
[EventDate "2011.09.18"]
[EventType "team-tourn"]
[EventRounds "11"]
[EventCountry "GER"]
[SourceTitle "EXT 2013"]
[Source "ChessBase"]
[SourceDate "2012.11.22"]
[SourceVersion "1"]
[SourceVersionDate "2012.11.22"]
[SourceQuality "1"]
[WhiteTeam "Koeln SF II"]
[BlackTeam "Kalker/Deutzer SG"]
[WhiteTeamCountry "GER"]
[BlackTeamCountry "GER"]

1. d4 Nf6 2. c4 g6 3. Nc3 Bg7 4. e4 d6 5. Nf3 0-0 6. Be2 e5 7. 0-0 Nc6 8. d5 Ne7 9. b4 Ne8 10. Ba3 f5 11. Rc1 f4 12. c5 h6 13. Nd2 g5 14. Nb5 a6 15. cxd6 cxd6 16. Nc3 b5 17. Bg4 Nf6 18. Bxc8 Rxc8 19. Bb2 Qd7 20. a4 g4 21. axb5 axb5 22. Qe2 Rb8 23. Ra1 Nh5 24. f3 Nf6 25. Ra5 h5 26. Rfa1 Rfc8 27. Rxb5 gxf3 28. gxf3 Rxb5 29. Qxb5 Qc7 30. Qa5 Qd7 31. Qb6 Rc7 32. b5 Nc8 33. Ra8 Kh7 34. Qa6 Ng4 35. b6 Nxb6 36. Qxb6 Ne3 37. Qb8 Qf7 38. Qe8 Qf6 39. Qg8+ Kh6 40. Qe6 Rb7 41. Ba3 Qxe6 42. dxe6 Re7 43. Rd8 1-0